000 00738nam a22001815i 4500
001 156177
003 ES-MaACL
005 20230906210335.0
008 020306s1898 sp |||| | spa d
040 _aCAM
_bspa
_cCAM
100 1 _aJackson Veyán, José.
_965824
245 1 1 _a¡Guerra á las mujeres¡
_b: juguete cómico en un acto y en prosa /
_coriginal de José Jackson Veyan.
250 _a2ª ed.
260 _aMadrid :
_b[s.n.],
_c1898 (
_fImprenta de V. Vela y López)
300 _a30 p. ;
_c20 cm.
596 1 _aEn verso de la port. consta: "... Galería Lírico-Dramática El Teatro, de Florencio Fiscowich ..."
852 _aES-MaACL
_jF-4091(7)
_z-- Enc. hol.
_q-- Falto de la cub. original
_z-- Enc. en un vol. facticio
999 _c156177
_d156177